000 01133nam a22003257a 4500
001 001144
003 DO-SdBNP
005 20240813112414.0
007 001144
008 160815b2006 sp ||| 00| 0 spa d
020 _a8434224348
040 _aBPMSU
_bspa
_cBPMSU
082 4 _a780
_bC112v 2006
_222
100 1 _aCabacés, Roser
245 1 0 _aVivamos la música /
_ctextos Roser Cabacés y Elisabet Vilaplana ; ilustraciones Anna Clariana ; fotografías Norbert Foto ... [et al.].
250 _a6ta. ed.
260 _aMadrid :
_bParramón Ediciones,
_c2006
300 _a4v. :
_bil., ;
_c28 cm.
490 0 _aVivamos la música ;
_v1/2/3/4
504 _a
505 _av.1: La vida tiene música -- v. 2 : La música tiene contrastes -- v.3 : La música se mueve -- v.4 : Vamos a tocar.
590 _aInventariado, 2024/VM
650 4 _aMúsica
_vLiteratura juvenil.
650 4 _aSonidos
_vLiteratura juvenil.
700 1 _aVilaplana, Elisabet
_eautor
_4
700 1 _aClariana, Anna.
_eilustraciones
700 1 _aNorbert Foto.
_efotografías
910 _aVMateo V. Control de calidad. BPMSU
942 _2ddc
_cBK
999 _c14781
_d14781